Sous-préfectures plus peuplée que la préfecture - Mort Subite - Statistiques

Statistiques générales
  • Ce quiz a été pris 145 fois
  • Le résultat moyen est 8 sur 23
Answers on the Grid
Answers color-coded by a green-red scale on the quiz's grid according to % correct below.
Gex
Tournon-sur-Rhône
Verdun
Carpentras
Boulogne-Billancourt
Calais
Belley
Largentière
Forcalquier
Soissons
Vichy
Château-Thierry
Saint Quentin
Montreuil-sur-Mer
Montluçon
Fontainebleau
Pamiers
Autun
Meaux
Narbonne
Aix-en-Provence
Brive-la-Gaillarde
Brest
Millau
Thonon-les-Bains
Morlaix
Dreux
Dole
Reims
Chalon-sur-Saône
Saint-Dizier
Cherbourg
Le Havre
Langres
Lorient
Mulhouse
Castres
Saint-Denis
Les Sables d'Olonne
Argenteuil
 
Statistiques - réponses
Réponse % Correct
Brest
58%
Le Havre
49%
Verdun
49%
Reims
48%
Cherbourg
44%
Boulogne-Billancourt
43%
Lorient
40%
Vichy
40%
Calais
38%
Mulhouse
36%
Argenteuil
33%
Brive-la-Gaillarde
33%
Saint-Denis
33%
Saint Quentin
31%
Montluçon
28%
Narbonne
28%
Chalon-sur-Saône
26%
Soissons
26%
Dole
24%
Meaux
24%
Saint-Dizier
24%
Tournon-sur-Rhône
21%
Pamiers
20%
Aucun quiz correspondant
Distribution des résultats
% des personnes avec chaque résultat
Percentile par nombre de réponses
Votre historique - résultats
Vous n’avez pas pris ce quiz